Two papers on similarity of certain Volterra integral operators

Αποθηκεύτηκε σε:
Λεπτομέρειες βιβλιογραφικής εγγραφής
Κύριος συγγραφέας: Osher, Stanley
Μορφή: Βιβλίο
Γλώσσα:English
Δημοσίευση: Providence, R.I. : American Mathematical Society, 1967
Σειρά:Memoirs of the American Mathematical Society ; ; 73
Θέματα:
Ετικέτες: Προσθήκη ετικέτας
Δεν υπάρχουν, Καταχωρήστε ετικέτα πρώτοι!

MARC

LEADER 00000cam a2200000 i 4500
001 1/27194
008 960423s1967 eng d
035 |a 1993  |l 10037767 
040 |a GR-MY-UA  |b gre  |e aacr 
041 0 |a eng 
082 0 |a 515.7 
100 1 |a Osher, Stanley. 
245 1 0 |a Two papers on similarity of certain Volterra integral operators /  |c Stanley J. Osher 
260 |a Providence, R.I. :   |b American Mathematical Society,   |c 1967 
300 |a 47 σ.;  |c 26 εκ. 
490 1 |a Memoirs of the American Mathematical Society  |v ; 73 
504 |a Βιβλιογραφία: σ. 47 
650 0 0 |a Functional analysis. 
830 0 |a Memoirs of the American Mathematical Society ;  |v ; 73 
852 |a INST  |b SAMOS  |e 19960423  |h 515.7 OSH  |p 005300002703  |q 005300002703  |t BK  |y 0 
909 |a Σ  |b 030541